000 00749nam a2200205Ia 4500
003 GCL
008 140319s9999 xx 000 0 ara d
040 _aGCL /
_cGCL
082 0 4 _a811.094
_bا ا
100 1 _aاحمد محمد النقيب
_vComposer
_@
…لحن
245 1 0 _aالاعمال الكاملة للشاعر احمد عبد المعطى حجازى /
_cاحمد محمد النقيب
260 _a[S.N] :
_bدار سعاد الصباح ،
_c1993
300 _a653 ص
490 _aديوان الشعر العربى المعاصر
_v0
650 0 4 _aالشعر العربى
650 0 4 _aالادب العربى
650 0 4 _aالعصر الحديث
650 0 4 _aالادب العربى - المغرب
942 _2ddc
_cBK
999 _c57508
_d57508